000 00903nam a2200337Ia 4500
003 OSt
005 20250829152716.0
008 210210b2009 xxu||||| |||| 00| 0 eng d
020 _a9788175967137
040 _cAL
041 _aeng
082 _a327.54 MUNI
100 _aMuni S D
_9237750
245 _aIndias foreign policy: the democracy dimension
_bWith special reference to neighbours
260 _aNew Delhi
_bFoundation Books
_c2009
300 _avii,178p
650 _aWith
_9237751
650 _ato
_9237752
650 _athe
_9237753
650 _aspecial
_9237754
650 _areference
_9237755
650 _apolicy:
_9237756
650 _aneighbours
_9237757
650 _aIndias
_9237758
650 _aforeign
_9237759
650 _adimension
_9237760
650 _ademocracy
_9237761
690 _aInternational Relations
_9237762
906 _a065324
942 _2ddc
_cBK
999 _c142491
_d142491